Normal view
MARC view
Entry Nombre personal
001 - NÚMERO DE CONTROL
- campo de control: 1026
003 - IDENTIFICADOR DE NÚMERO DE CONTROL
- campo de control: DLC
005 - FECHA Y HORA DE LA ÚLTIMA TRANSACCIÓN
- campo de control: 20260406123519.0
008 - ELEMENTOS DE DATO DE LONGITUD-FIJA
- campo de control de longitud fija: 800815n| acannaabn |a aaa
010 ## - NÚMERO DE CONTROL DE LA BIBLIOTECA DEL CONGRESO
- Número de control de LC: n 50049887
035 ## - NÚMERO DE CONTROL DEL SISTEMA
- Número de control de sistema: (OCoLC)oca00084913
040 ## - FUENTE DE CATALOGACIÓN
- Centro catalogador/agencia de origen: DLC
- Centro/agencia transcriptor: DLC
- Centro/agencia modificador: NNC
- Centro/agencia modificador: MH-L
- Centro/agencia modificador: DLC
100 1# - ENCABEZAMIENTO-NOMBRE DE PERSONA
- Nombre de persona: Leontief, Wassily,
- Fechas asociadas al nombre: 1906-1999
400 1# - TRAZADO DE VÉASE--NOMBRE DE PERSONA
- Nombre de persona: Leontief, Wassily W.,
- Fechas asociadas al nombre: 1906-1999
400 1# - TRAZADO DE VÉASE--NOMBRE DE PERSONA
- Nombre de persona: Leontʹev, Vasiliĭ,
- Fechas asociadas al nombre: 1906-1999
400 1# - TRAZADO DE VÉASE--NOMBRE DE PERSONA
- Nombre de persona: Leontʹev, V.
- Forma completa/desarrollada del nombre: (Vasiliĭ),
- Fechas asociadas al nombre: 1906-1999
670 ## - FUENTE DE DATOS ENCONTRADOS
- Cita de la fuente: His The structure of American economy, 1941.
670 ## - FUENTE DE DATOS ENCONTRADOS
- Cita de la fuente: The Future of nonfuel minerals in the U.S. and world economy, c1983:
- Información encontrada: t.p. (Wassily Leontief)
670 ## - FUENTE DE DATOS ENCONTRADOS
- Cita de la fuente: His Ėkonomicheskie ėsse, 1990:
- Información encontrada: t.p. (Vasiliĭ Leontʹev) Soviet CIP (Leontʹev V.)
670 ## - FUENTE DE DATOS ENCONTRADOS
- Cita de la fuente: Harvard University gazette, Feb. 11, 1999:
- Información encontrada: p. 5 (d. Feb. 5, 1999; b. Aug. 5, 1906, in St. Petersburg, Russia)
670 ## - FUENTE DE DATOS ENCONTRADOS
- Cita de la fuente: Biog. resource center (Contemp. authors), Aug. 8, 2008
- Información encontrada: (Wassily Leontief; b. Aug. 5, 1906, Leningrad, Russia; d. 1999; University of Berlin, Ph. D., 1928; Harvard University, Henry Lee Professor of Economics, 1953-; director of Harvard Economic Research Project, 1948-72)
670 ## - FUENTE DE DATOS ENCONTRADOS
- Cita de la fuente: Biog. resource center (Scribner encyclopedia of American lives), Aug. 8, 2008
- Información encontrada: (Wassily Leontief; b. Aug. 5, 1906, St. Petersburg, Russia; d. Feb. 5, 1999, New York, N.Y.; in 1973 he was awarded the Nobel Prize; left Harvard in 1975 for New York University)